| 000 | 00637nam a2200193 4500 | ||
|---|---|---|---|
| 005 | 20240920061909.0 | ||
| 008 | 240920b |||||||| |||| 00| 0 eng d | ||
| 020 | _a978-621-409-210-9 | ||
| 082 | _aFil. 641.71 G118 2023 | ||
| 100 | _aGabriel, Elvira V. | ||
| 245 |
_aPassion to bake: _bbaking guide for beginners / _cElvira V. Gabriel, Emily V. Banzel |
||
| 250 | _arev. ed. | ||
| 260 |
_aMandaluyong City: _bBooks Atbp. Publishing, _cc2023 |
||
| 300 |
_aviii, 166p: _bill. |
||
| 504 | _aIncludes bibliographical references and index | ||
| 541 | _e7600 c.1, 7601 c.2, 7602 c3. | ||
| 650 | _aBaking | ||
| 700 |
_aBanzel, Emily V. _eauthor |
||
| 999 |
_c2325 _d2325 |
||